Iba krok od prekvapenia

Bibliographic Details
Main Author: Bogdányi, Gabriel (Author)
Format: Article
Language:Slovak
Subjects:

MARC

LEADER 00000nab a2200000 a 4500
001 vtls000527308
003 SK-MaSNL
005 20260303201911.0
008 240102c1994 xo 0 slo
015 |a SNBRB19rr/mm-uuuuu 
035 |a CL0527446 
040 |a SNKBUCL  |b slo  |c SNKBUCL  |e AACR2 
041 0 |a slo 
044 |a xo  |c SK 
080 |a 796.322.093.1(4)  |2 1981 
100 1 |a Bogdányi, Gabriel  |4 aut  |9 415796 
245 1 0 |a Iba krok od prekvapenia  |c Gabriel Bogdányi 
650 0 7 |a hádzaná  |2 snkbucl  |9 3292 
655 7 |a články z novín a časopisov  |2 snkbucl  |9 267496 
773 0 |t Šport  |g Roč. 48, č. 216 (19. 9. 1994), s. 3 
850 |a Slovenská národná knižnica v Martine  |a MTA001 
852 |a SNK  |b KIS3GCP 
958 |a RK 
958 |a RO 
958 |a DE 
992 |a RBX 
999 |c 2176921  |d 2178851